| 000 | 01019nam a2200241 i 4500 | ||
|---|---|---|---|
| 001 | 150144 | ||
| 003 | ES-MaACL | ||
| 005 | 20240221153505.0 | ||
| 007 | t| | ||
| 008 | 071026s1986 sp ||||1| spa d | ||
| 245 | 0 | 0 |
_aValle-Inclán y su tiempo, hoy _b: exposición "Montajes de Valle-Inclán" : Sociedad General de Autores de España, mayo-junio 1986 / _ccomisario-director Juan Antonio Hormigón. |
| 260 |
_aMadrid : _b[Ministerio de Cultura, Instituto Nacional de las artes Escénicas y de la Música], _c1986. |
||
| 300 |
_a277 p. : _bil. ; _c24 cm. |
||
| 600 | 1 | 7 |
_aValle-Inclán, Ramón del, _d1866-1936- _vExposiciones _2 _9142759 |
| 655 | 7 |
_2tgfbne _9193628 _aCatálogos de exposiciones |
|
| 700 | 1 |
_aHormigón, Juan Antonio. _964204 |
|
| 710 | 2 |
_aSociedad General de Autores de España. _96773 |
|
| 710 | 2 |
_aInstituto Nacional de las Artes Escénicas y de la Música (España) _95175 |
|
| 740 | 0 | _aMontajes de Valle-Inclán. | |
| 852 | 4 |
_aES-MaACL _jL-10811 |
|
| 942 | _2udc | ||
| 999 |
_c150144 _d150144 |
||